Normal view
MARC view
- Carter B
Entry Personal Name
001 - CONTROL NUMBER
- control field: 215514
003 - CONTROL NUMBER IDENTIFIER
- control field: OSt
005 - DATE AND TIME OF LATEST TRANSACTION
- control field: 20251125110742.0
008 - FIXED-LENGTH DATA ELEMENTS
- fixed length control field: 251125|| aca||aabn | a|a d
040 ## - CATALOGING SOURCE
- Original cataloging agency: OSt
- Transcribing agency: OSt
100 ## - HEADING--PERSONAL NAME
- Personal name: Carter B
670 ## - SOURCE DATA FOUND
- Source citation: Work cat.: (OSt)369146: Carter B., Op Amps For Everyone, 2013